AH International Schools' Libraries

Living a pure life : (Record no. 50068)

MARC details
000 -LEADER
fixed length control field 00898nam a2200121 4500
020 ## - INTERNATIONAL STANDARD BOOK NUMBER
International Standard Book Number 9780878136490
100 ## - MAIN ENTRY--PERSONAL NAME
Personal name Coblentz, John,
Relator term author.
9 (RLIN) 87088
245 ## - TITLE STATEMENT
Title Living a pure life :
Remainder of title a practical guide to understanding sexual sin and for breaking sin's power.
Statement of responsibility, etc by John Coblent.
260 ## - PUBLICATION, DISTRIBUTION, ETC. (IMPRINT)
Name of publisher, distributor, etc Christian Light Publications:
Date of publication, distribution, etc January 1, 2007.
300 ## - PHYSICAL DESCRIPTION
Extent 204 Pages.
520 ## - SUMMARY, ETC.
Summary, etc Sexual sin warps, poisons, and plunders the soul. In its path follow immeasurable havoc, confusion, and anguish. In spite of its painfully high costs, sexual sin often develops a powerful hold on both men and women. Thank God there is grace! In this book you'll find the principles and guidance of God's Word regarding moral purity. It faces honestly what happens when we sin. It lays out the requirements for dealing with sexual sin. And it points the way to living a pure life. Discretion advised.
942 ## - ADDED ENTRY ELEMENTS (KOHA)
Source of classification or shelving scheme
Koha item type Book
Holdings
Withdrawn status Lost status Source of classification or shelving scheme Damaged status Not for loan Home library Current library Date acquired Total Checkouts Full call number Barcode Date last seen Price effective from Koha item type
          Logos International School Logos International School 01/15/2026   248 COB 040807 01/20/2026 01/15/2026 Book

For any Logos Library related questions please contact Miss Art at swongnarasuk@asianhope.org.

For any Asian Hope Library related questions please contact Miss Raza at graza@asianhope.org.

Powered by Koha